BMTH songs - Statistics

General Stats
  • This quiz has been taken 71 times
    42 since last reset
  • The average score is 37 of 51
Answer Stats
Album Song % Correct
Sempiternal Can You Feel My Heart?
97%
POST HUMAN: SURVIVAL HORROR (Feat. BABYMETAL) Kingslayer
91%
That's The Spirit Throne
91%
That's The Spirit Doomed
89%
That's The Spirit Drown
89%
That's The Spirit Happy Song
86%
Sempiternal Shadow Moses
86%
That's The Spirit True Friends
86%
Sempiternal Antivist
83%
POST HUMAN: SURVIVAL HORROR (Feat. Nova Twins) 1x1
80%
POST HUMAN: NeX GEn LosT
80%
Amo MANTRA
80%
POST HUMAN: SURVIVAL HORROR (Feat. YUNGBLUD) Obey
80%
POST HUMAN: SURVIVAL HORROR Parasite Eve
80%
Sempiternal Sleepwalking
80%
That's The Spirit Avalanche
77%
That's The Spirit Blasphemy
77%
That's The Spirit Follow You
77%
Amo (Feat. Rhazel) Heavy Metal
77%
Amo Mother Tongue
77%
Amo Sugar, Honey, Ice And Tea
77%
POST HUMAN: NeX GEn (Feat. Lil Uzi Vert & Glassjaw) AmEN!
74%
POST HUMAN: SURVIVAL HORROR (Feat. Amy Lee) One Day The Only Butterflies Left Will Be In Your Chest As You March Towards You Death
74%
POST HUMAN: NeX GEn sTraNgeRs
74%
POST HUMAN: SURVIVAL HORROR Teardrops
74%
POST HUMAN: SURVIVAL HORROR Dear Diary,
71%
POST HUMAN: NeX GEn DiE4u
71%
Sempiternal Hospital For Souls
71%
POST HUMAN: SURVIVAL HORROR Ludens
71%
Amo (Feat. Grimes) Nihilist Blues
71%
That's The Spirit Oh No
71%
That's The Spirit Run
71%
Sempiternal The House Of Wolves
71%
Amo (Feat. Dani Filth) Wonderful Life
71%
Sempiternal Deathbeds
69%
Amo In The Dark
69%
Sempiternal And The Snakes Start To Sing
66%
Sempiternal Empire (Let Them Sing)
66%
Sempiternal Go To Hell, For Heaven's Sake
66%
POST HUMAN: SURVIVAL HORROR Itch For The Cure (When Will We Be Free?)
66%
That's The Spirit What You Need
66%
Amo Medicine
63%
Amo Fresh Bruises
60%
Sempiternal Join The Club
60%
Amo Why You Gotta Kick Me When I'm Down?
60%
Sempiternal Crooked Young
57%
Amo I Apologise If You Feel Something
57%
Amo I Don't Know What To Say
57%
Amo Ouch
57%
Sempiternal Seen It All Before
57%
Sempiternal Chasing Rainbows
37%
No matching quizzes found
Score Distribution
Percent of People with Each Score
Percentile by Number Answered
Your Score History
You have not taken this quiz since the last reset